[Event "EU-chT 22nd"]
[Site "Batumi"]
[Date "2019.10.26"]
[Round "3.3"]
[White "Giri, Anish"]
[Black "Anton Guijarro, David"]
[Result "1-0"]
[WhiteElo "2780"]
[BlackElo "2674"]
[Annotator "Giri,A"]
[PlyCount "55"]
[EventDate "2019.10.24"]
[EventType "team-swiss"]
[EventRounds "9"]
[EventCountry "GEO"]
[SourceTitle "CBM 193"]
[Source "ChessBase"]
[SourceDate "2019.12.31"]
[SourceVersion "1"]
[SourceVersionDate "2019.12.31"]
[SourceQuality "1"]
[WhiteTeam "Netherlands"]
[BlackTeam "Spain"]
[WhiteTeamCountry "NED"]
[BlackTeamCountry "ESP"]
[WhiteClock "0:51:54"]
[BlackClock "0:16:11"]

{[%evp 0,55,36,31,27,18,3,28,45,23,6,13,13,2,60,-1,-3,-24,10,-19,-19,-22,-16,4,
3,9,-9,-9,0,-33,-25,-48,0,-21,5,-14,11,-3,24,-41,-28,-51,-97,-40,7,135,70,0,4,
14,197,262,323,323,323,714,753,369]} 1. e4 e5 2. Nf3 Nc6 3. Bc4 {Italian has
been one of my main weapons for a while and although oftentimes the games end
up being rather dull, occasionally there are these pleasant exceptions.} Bc5 4.
O-O Nf6 5. d3 d6 6. c3 a5 {David Anton likes this principled system. Black
doesn't allow this to grab any space on the queenside, on the other hand the
fact that he will not threaten Na5 (which is the case after a6 Ba7 and 0-0)
gives White more time to develop his pieces quickly.} 7. Re1 O-O 8. h3 (8. Bg5
{Used to be all the rage, but now the theory has become broader.}) 8... h6 9.
Nbd2 Be6 10. Bb5 Qb8 11. Bxc6 bxc6 12. d4 exd4 13. cxd4 Bb6 ({Ding Liren went} 
13... Bb4 {against me.}) 14. a4 {A peculiar new idea. The rook is suddenly
ready to join the game via a3!} Re8 {I thought the tempo-moves d5 and Qa7 were
more tempting, but this waiting move is actually very decent.} 15. Ra3 Qb7 $6 (
15... Qa7 $1 {is main, when the d4 pawn is under attack and} 16. Nf1 {is met
with} d5 $1 {where the analyses begin.}) {I had to play on my own here, but
the following moves looked very natural to me and I didn't bother doubting
myself too much.} 16. Rae3 $1 Rab8 17. b3 $1 {The bishop joins the game as
well.} Ba7 $1 18. Bb2 $6 {I could, and objectively, should have played for the
eventual grip on c5 square, but I got too tempted with mating ideas.} (18. Ba3
d5 19. e5 Ne4 20. Qc1 {is a stable plus, as Black is unable to breakthrough
with c5 and White will proceed with Nf1-Ng3.}) 18... d5 19. e5 Nd7 $1 {To be
honest I underestimated this move. Fortunately I didn't see my opponents
defensive resource and proceeded casually.} (19... Ne4 20. Nxe4 dxe4 21. Nd2 {
is what I was counting on, when Black is worse, because if he starts any sort
of action of his own with let's say c5, he will get steamrolled with Nxe4 Rg3
Qh5 ideas.}) 20. Nh4 {Inspired and careless.} c5 $4 {Natural, but horrible. We
both totally missed Black's defensive idea here.} (20... Qb4 $1 {was a very
beautiful resource. Black brings the queen back in!} 21. Bc3 Qe7 $1 22. Qh5 Qg5
$1 {and it is White who has to think about equality here.} 23. Qxg5 hxg5 24.
Nhf3 c5 $1) 21. Rg3 {Now all goes according to the plan. The attack is swift!}
Qa6 {Not good, but it was already late to set up a real defense here.} 22. Qh5
{I tried this attacking setup against both Karjakin and Ding Liren preivously,
but it was only in this game that it brought me a full point.} Kh8 23. Bc1 $1 {
The easiest, bringing all the boys into the action.} Rg8 24. Ndf3 Nf8 25. Bxh6
$1 {Standard stuff.} g6 (25... gxh6 26. Qxh6+ Nh7 27. Ng5 Rxg5 28. Rxg5 Rg8 29.
Rxg8+ Kxg8 30. Nf5 {and White collects -} Bxf5 31. Qxa6) 26. Nxg6+ $1 {It's
bad news when even I, am sacrificing a piece.} fxg6 27. Qh4 Nh7 28. Ng5 $1 {
White is crushing - Black's queenside pieces never got to take part in the
defense.} 1-0

[Event "Maccabiah GM 16th"]
[Site "Tel Aviv"]
[Date "2001.07.21"]
[Round "8"]
[White "Alekseev, Evgeny V"]
[Black "Golod, Vitali"]
[Result "1-0"]
[WhiteElo "2544"]
[BlackElo "2514"]
[Annotator "Golod,V"]
[PlyCount "155"]
[EventDate "2001.07.15"]
[EventType "tourn"]
[EventRounds "9"]
[EventCountry "ISR"]
[EventCategory "8"]
[SourceTitle "CBM 083 Extra"]
[Source "ChessBase"]
[SourceDate "2001.09.11"]
[SourceVersion "1"]
[SourceVersionDate "2001.09.11"]
[SourceQuality "1"]

1. e4 e5 2. Nf3 Nc6 3. Bc4 Bc5 {Before I always I played: 3...Nf6} 4. c3 Nf6 5.
d3 d6 6. Bb3 a6 7. O-O Ba7 8. Re1 O-O 9. h3 h6 $5 {/\Nh5,Qf6 and so on.} ({
Before,in this tournament,against my contender in this position black played:} 
9... Ne7 10. Nbd2 Ng6 11. Nf1 Nh5 12. d4 Nhf4 13. Ng3 Qf6 $2 14. Nh5 $1 $16 {
[%csl Gc1,Rf6] Alekseev,E-Mikhalevski,A/Tel Aviv,2001(1-0)(32)}) 10. Nbd2 Nh5
11. Nf1 Qf6 12. Be3 $5 ({Much worse is:} 12. Ne3 {in view of:} Nf4 {See
comments to Hamdouchi,H-Tkachiev,V/Cap d'Agde,2000/CBM 80(0-1)(Lukacs)(42)})
12... Nf4 13. Ng3 $5 {This one of numerous continuations, which were checked
in practice.} g6 $5 ({Is a possibly continuation of the play:} 13... g5 $5 {
See comments to Svetushkin,D-Rogozenko,D/Brasov,1998/CBM 63(1-0)(Marin,M)(56)})
14. Nh2 $5 {[%cal Gd1f3] Opening a point "f3" for the queen.} ({Was checked in
the previous games:} 14. Rf1 $6 h5 15. Nh2 Be6 16. Bxa7 Bxb3 17. axb3 Rxa7 18.
Ne2 $11 {Sigurpalsson,R-Hjartarson,J/Reykjavik,1995 (0-1)(39)}) (14. d4 h5 (
14... Nd8 $143 15. Bxf4 Qxf4 16. Qc1 Qxc1 17. Raxc1 Re8 18. dxe5 dxe5 19. Rcd1
Nc6 20. a4 Kg7 21. Nf1 Nb8 22. Ne3 Bxe3 23. Rxe3 {+/=/= Tseshkovsky,V-Levin,F/
Le Touquet,1998 (1/2-1/2)(66)}) 15. Bc2 Re8 16. a3 Nd8 17. Kh2 Nde6 $13 {
Tolnai,T-Lukacs,P/HUN,1998(1/2-1/2)(29)}) 14... Be6 $6 $146 {[%mdl 16384] All
the same I not so well have understood subtleties of a position.} (14... Bxe3
$5 15. fxe3 Qg5 $11 {[%csl Rg3]}) (14... h5 $143 15. Ne2 (15. Qf3 $5) 15...
Bxe3 {1/2-1/2 Kudrin,S-Gulko,B/USA-ch,1989(15)}) 15. Qf3 $1 {[%csl Rf6]} Qh4
16. d4 $1 {[%csl Rf4]} ({Differently,at me all in the order:} 16. Rad1 $6 Bxb3
17. axb3 Bxe3 18. fxe3 Ne6 $11) 16... Na5 (16... Bxb3 $143 17. axb3 $14) 17.
Bc2 Nc4 18. Bc1 c6 $5 {[%mdl 256]} (18... c5 $143 19. d5 {and mine bishop"e6"
becomes very weak.}) 19. b3 Nb6 20. Ne2 $6 ({Can be recommended:} 20. Be3 $5 {
/\Rad1and so on.}) 20... Nxe2+ 21. Rxe2 $14 Rad8 22. Be3 ({Senselessly:} 22.
Ng4 {in view of:} h5 23. Nf6+ Kg7 $13 {[%csl Rf6][%cal Yf8h8,Yh8h6] (/\Rh8 and
Qxf6)}) 22... Kg7 23. Rd2 Nc8 24. Rad1 exd4 $1 {It's best decision.} 25. cxd4 (
25. Bxd4+ $142 Bxd4 26. cxd4 $5 (26. Rxd4 $14) 26... f5 $140 27. Qc3 $36 {
[%csl Rg7]}) 25... f5 26. Bf4 $5 {I at all did not consider this original move.
} Qf6 $6 (26... Kh7 $5 {An interesting move which was mentioned by Alekseev,E
after the game}) ({I obviously have underestimated:} 26... fxe4 $1 27. Qxe4 Qf6
{[%cal Ge6f5]} (27... Bf5 $4 28. Be5+ {[%csl Rh4]}) (27... Qxf4 $4 28. Qxg6+
Kh8 29. Qh7#) (27... Rxf4 $2 28. Qxg6+ Kf8 $8 29. Qxe6 Re8 30. Qg6 $16) 28. Ng4
Bxg4 29. hxg4 Rde8 30. Qd3 $8 Ne7 31. Bg3 Nd5 $13) 27. e5 $1 Qf7 ({Weakly:} 
27... Qh4 {because of:} 28. Bg3 (28. exd6 $140 Bd5) 28... Qg5 29. h4 $36) 28.
h4 $1 dxe5 29. Bxe5+ Kh7 30. h5 Ne7 $6 ({Can it was necessary to decide on a
"computer move":} 30... gxh5) (30... g5 $143 31. Ng4 {[%csl Rf6]}) 31. hxg6+
Nxg6 32. Qh3 {[%csl Rf7,Rh7][%cal Gh2f3,Gf3g5]} Rg8 33. Nf3 {[%csl Rf7,Gh3,Rh7]
[%cal Gf3g5]} Nxe5 34. dxe5 Rxd2 35. Rxd2 $16 Bc5 $138 {[%csl Yc5]} 36. Kf1 {
[%csl Yf1,Rg1][%cal Yg1f1] The important preventive move!} Kg7 37. Nd4 Bxd4 38.
Rxd4 f4 39. Qf3 Rf8 40. g3 $1 fxg3 41. Qxg3+ Kh8 42. Rh4 Qg7 43. Qh2 ({From my
point of view,it was better:} 43. Qxg7+ Kxg7 44. f4 $16 {[%cal Gf1e2,Ge2e3]})
43... Kg8 44. Rxh6 Bf5 $8 45. Bxf5 Rxf5 46. Rd6 $2 {My contender did not see
my next move.} ({Good enough:} 46. Qh4 $5 $40) (46. Rh5 $5) ({or} 46. Rh3 $5
Qxe5 $140 47. Rg3+ $18) 46... Qg5 $1 {[%csl Re5,Rf1][%cal Gf5e5,Gg5c1]} 47. Rd1
Rxe5 48. Qh3 {[%csl Rg8][%mdl 128] The attack of white becomes fatal in view
of an open position of my king.} Rf5 (48... Kg7 49. Rd7+ $1 Re7 $140 50. Rd3
$40 {[%cal Gd3g3]}) 49. Rd3 Qf6 50. Qg3+ Kh8 $2 (50... Qg5 $142 51. Rd8+ Kg7
52. Qc3+ {+/-/+-}) ({After:} 50... Kf7 $2 {white has a interesting way to win:}
51. Qc7+ Kg6 52. Rd6 Rxf2+ 53. Ke1 Rf1+ 54. Ke2 Rf2+ 55. Kd3 Rf3+ 56. Kc4 Rf4+
57. Kc5 {[%cal Gc5b6]} Rf5+ 58. Kb6 Rb5+ 59. Ka7 $18) (50... Rg5 $2 51. Qb8+
Kh7 52. Qc7+ Rg7 $8 (52... Kh8 53. Rd8+ Rg8 54. Qh2+ Kg7 55. Qg3+) 53. Qh2+ Kg8
$8 (53... Kg6 54. Rd6) (53... Qh6 54. Rh3) 54. Qb8+ Kh7 (54... Kf7 55. Rd7+ {
[%csl Rf6][%cal Gd7d6]}) 55. Rh3+ Kg6 56. Qe8+ Rf7 (56... Qf7 57. Qe4+ Qf5 (
57... Kg5 58. Rg3+ Kh6 59. Qh4+ Qh5 60. Qf6+ Rg6 61. Qh8#) 58. Rg3+) 57. Qg8+
Rg7 (57... Qg7 58. Rg3+) (57... Kf5 58. Rf3+) 58. Rg3+ Kh6 59. Qh8+ Rh7 60.
Qxf6+) 51. Rd7 $6 ({Leads to elegant win:} 51. Qb8+ $1 Qf8 (51... Kg7 52. Rd7+
Kh6 53. Rd6 Rxf2+ 54. Ke1 $18 {[%cal Ge1e2,Ge2d3,Gd3c4,Gc4c5,Gc5b6]}) 52. Rd8
Rxf2+ 53. Ke1 Rf1+ 54. Ke2 Rf2+ 55. Ke3 Rf3+ 56. Ke4 Rf4+ 57. Ke5 Rf5+ 58. Ke6
Rf6+ 59. Kd7 Rf7+ 60. Kc8 Qxd8+ 61. Kxd8 Rf8+ 62. Kc7 Rxb8 63. Kxb8 {[%csl Ra6,
Rb7,Rc6]} b5 64. b4 $18) 51... Qh6 52. Qb8+ Rf8 53. Qe5+ Kg8 54. Rd3 Rf7 55.
Qe8+ Qf8 (55... Rf8 $142 56. Rg3+ Kh8 57. Qe5+ Kh7 58. Kg2 Rg8 $1 59. Rxg8 Kxg8
60. Qb8+ Qf8 $16) 56. Rg3+ Rg7 57. Qe6+ ({Dubiously:} 57. Rxg7+ Kxg7 58. Qxf8+
Kxf8 59. Ke2 {and I am not sure at all that the white has a win in this pawns
endgame.}) 57... Kh8 $138 {Here on my hours already remained about 3 minutes
up to the end of a game.} 58. Rd3 Rh7 59. Qe5+ Rg7 60. Rh3+ Kg8 61. Qe6+ ({
It deserves attention:} 61. Qh5) 61... Rf7 $8 62. Rg3+ Kh8 63. Qe5+ Rg7 64. Rg5
Qe7 (64... Kg8 $143 65. Qe6+ Qf7 $140 66. Qc8+ {[%csl Rb7]} Kh7 (66... Qf8 67.
Rxg7+ Kxg7 68. Qxb7+ $18 {[%csl Ra6,Rc6]}) 67. Qh3+ Kg8 68. Rh5 $18 {[%cal
Gh5h8]} Qg6 69. Qc8+ Kf7 70. Qxb7+ $18) 65. Qb8+ Kh7 66. Rh5+ Kg6 67. Rh3 Qf6
$2 $138 ({More stubborn resistance after:} 67... Qd7 $16) 68. Qe8+ Rf7 69. Rg3+
Kh6 70. Qe3+ Qf4 71. Qe6+ Kh5 $8 72. Qh3+ (72. Rh3+ $142 Kg5 73. Qh6+ Kf5 74.
Rh5+ Ke4 75. Rh4 {[%csl Re4,Rf4,Gh4]}) 72... Qh4 73. Qg2 $18 {[%cal Gg3h3]} Rd7
(73... Rf5 74. Rg8 $18 {[%csl Rh5][%cal Gg8h8]}) (73... Rf4 74. f3 {[%cal
Gg3h3]} Rd4 75. Rh3 Rd1+ 76. Ke2) 74. Rh3 Rd1+ 75. Ke2 Rd4 76. Rxh4+ Rxh4 77.
Qg7 Rg4 78. Qxb7 1-0

[Event "Biel GM 51st"]
[Site "Biel"]
[Date "2018.08.01"]
[Round "10"]
[White "Vachier Lagrave, Maxime"]
[Black "Navara, David"]
[Result "1-0"]
[WhiteElo "2779"]
[BlackElo "2741"]
[Annotator "Golubev,M"]
[PlyCount "77"]
[EventDate "2018.07.22"]
[EventType "tourn"]
[EventRounds "10"]
[EventCountry "SUI"]
[EventCategory "20"]
[SourceTitle "CBM 186"]
[Source "ChessBase"]
[SourceDate "2018.09.14"]
[SourceVersion "1"]
[SourceVersionDate "2018.09.14"]
[SourceQuality "1"]

1. e4 e5 2. Nf3 Nc6 3. Bc4 {At the top level, this move usually leads to slow
manoeuvring play. And serves as an alternative to the Ruy Lopez Anti-Berlin
system, one can say.} Bc5 4. O-O Nf6 5. d3 O-O 6. Re1 d6 7. c3 h6 8. Nbd2 {
Black has tried, literally, every sensible looking move here.} a5 $5 {This is
a more or less trendy idea.} ({While} 8... a6 {is more typical.}) 9. Nf1 ({
After} 9. h3 {,} a4 $5 {can make sense.}) 9... Ne7 ({Jakovenko-Svidler,
Bundesliga 2017/8 continued} 9... Be6 10. Bb5 Ne7 11. d4 Ba7 $5 12. dxe5 Ng4
13. Be3 Nxe5 14. Bxa7 Rxa7 $6 (14... Nxf3+ 15. Qxf3 Rxa7) 15. Nd4 N7g6 16. Ne3
Bd7 17. Bf1 $1 a4 18. g3 $1 $16) ({Another example is Inarkiev-Andreikin,
ch-RUS rapid Sochi 2017:} 9... Bb6 10. Ng3 Be6 11. Bb5 Ne7 12. d4 Ng6 13. h3
exd4 $5 14. Nxd4 (14. cxd4 d5 15. e5 Ne4 $1 {with the idea of} 16. Nxe4 dxe4
17. Rxe4 c5 $11) 14... Bd7 $5 15. Bd3 Re8 $11 16. Nf3 a4 17. Be3 Bxe3 18. Rxe3
Ra5 $5 $132) 10. Bb3 Ng6 11. d4 $5 (11. Ng3 a4 $5 12. Bxa4 Bg4 13. d4 exd4 $6 (
13... Ba7 $1 {with the idea of ...Nh4, or} 14. Bb5 d5 $1 $44) 14. cxd4 Bb4 15.
Re3 $1 c5 16. d5 {Sethuraman-Naiditsch, Sharjah 2018. This was probably better
for White.}) 11... Ba7 12. h3 Bd7 $5 13. Ng3 ({Here White could have played} 
13. a4 $5 {eventually.}) 13... a4 $1 14. Bc2 Nh7 {Starting an unfortunate
manoeuvre.} 15. Nf5 $5 Ng5 $2 {White's threats on the kingside were still
rather illusory, but after Navara's big mistake things are getting grim for
Black. The remedy was clearly worse than the disease in this case!} 16. Nxg5
hxg5 17. Qh5 $1 Nf4 $8 18. Bxf4 $1 exf4 ({Forced, because} 18... gxf4 19. dxe5
dxe5 20. Rad1 $1 {is just lost for Black:} g6 21. Qh6 gxf5 22. exf5 f6 23. Qg6+
Kh8 24. Rxe5 fxe5 25. f6 $18) 19. h4 $1 $16 g6 $2 ({He had to play} 19... gxh4
20. Nxh4 Qf6 21. e5 Qh6 22. Qxh6 gxh6 $16 {, anyway with quite a bad position.}
) 20. Qh6 $1 gxf5 21. exf5 f6 22. Qg6+ $1 ({Avoiding} 22. hxg5 Rf7 $1) 22...
Kh8 23. hxg5 $18 {And White's attack is decisive.} Bc6 24. Rad1 ({A faster win
was} 24. Qh6+ Kg8 25. Re6 $1 {and then, for example,} Qd7 26. gxf6 $1 Qh7 27.
Qg5+ Kh8 28. f7 $1 Rxf7 29. Rh6 Rg8 30. Rxh7+ Rxh7 31. Qf6+ $18) 24... Qd7 25.
Rd3 $1 Qg7 26. Rh3+ Kg8 27. Re7 ({Another good option was} 27. Qh5 Rae8 28. Re6
$1) 27... Qxg6 28. fxg6 f5 (28... Rae8 $6 {would have allowed White to execute
his main threat:} 29. Rh8+ $3 Kxh8 30. g7+ Kg8 31. Bh7+ $1 Kxh7 32. gxf8=Q+) ({
After} 28... Rfe8 {there is, for example,} 29. Reh7 $5 fxg5 30. Rh8+ Kg7 31.
R3h7+ Kf6 32. Rf7+ Ke6 33. Rh5 $5 Kd5 34. Rxg5+ Kc4 35. Rxf4 $18) 29. Rhh7 $1 {
And MVL concluded his assault confidently.} Rfe8 30. Reg7+ $1 Kf8 31. Rxc7 Kg8
32. Bxf5 Bb6 33. Rcg7+ Kf8 34. Rf7+ Kg8 35. d5 $1 Bxd5 36. Rfg7+ Kf8 37. Rd7 $1
Kg8 38. g7 $1 Bf7 39. g6 {A nice spectacular game for the final round, but at
he same time not much fun for the Czech grandmaster, indeed.} 1-0

[Event "Gausdal Int"]
[Site "Gausdal"]
[Date "1991.??.??"]
[Round "3"]
[White "Bologan, Viktor"]
[Black "Westerinen, Heikki MJ"]
[Result "1-0"]
[WhiteElo "2535"]
[BlackElo "2420"]
[Annotator "Hansen,Cu"]
[PlyCount "63"]
[EventDate "1991.08.??"]
[EventType "swiss"]
[EventRounds "9"]
[EventCountry "NOR"]
[SourceTitle "CBM 025"]
[Source "ChessBase"]
[SourceDate "1991.12.01"]
[SourceVersion "1"]
[SourceVersionDate "1991.12.01"]
[SourceQuality "1"]

1. e4 e5 2. Nf3 Nc6 3. Bc4 Nf6 4. d3 Bc5 5. c3 a6 6. Bb3 d6 7. Nbd2 O-O 8. h3
Ba7 9. Nf1 Ne7 (9... d5 10. Qe2 dxe4 11. dxe4 Nh5 12. g3 Nf6 $13 {Belikov,
V-Neverov,A USSR 1990}) 10. Ng3 Ng6 11. O-O h6 12. d4 exd4 $6 (12... Qe8 13.
Re1 Be6 14. Be3 Bxb3 15. Qxb3 Qc6 16. Rad1 $14 {Oratovsky,M-Novik,M USSR 1989})
(12... c6 13. Be3 {Bologan,V-Bjerke,R Gausdal International 1991 (1)}) 13. cxd4
d5 14. e5 Ne4 15. Bc2 Nh4 16. Nxe4 dxe4 17. Bxe4 Nxf3+ 18. Qxf3 Qxd4 19. Bf4
$16 c6 20. Rad1 Qb4 21. Bxh6 gxh6 22. Qg3+ Kh8 23. Qf4 Kg7 24. Rd3 Re8 25. Rg3+
Kf8 26. Qxh6+ Ke7 27. Qh4+ $1 Kf8 (27... Kd7 28. Bf5+ Kc7 29. Qxb4) 28. a3 $18
(28. Qh6+ Ke7 29. Qf6+ Kd7 $1 $13 (29... Kf8 $2 30. Bh7 $18)) 28... Qd4 (28...
Qxb2 29. Qh6+ Ke7 30. Qd6#) (28... Qc5 29. Bh7 $18) 29. Qh6+ Ke7 30. Qf6+ Kd7 (
30... Kf8 31. Bh7 $18) 31. Rd3 Qxd3 32. Bxd3 {C.Hansen} 1-0

[Event "Sigeman & Co 22nd"]
[Site "Malmo"]
[Date "2014.05.19"]
[Round "5"]
[White "Fressinet, Laurent"]
[Black "Hammer, Jon Ludvig"]
[Result "1/2-1/2"]
[WhiteElo "2711"]
[BlackElo "2638"]
[Annotator "Havasi,G"]
[PlyCount "60"]
[EventDate "2014.05.15"]
[EventType "tourn"]
[EventRounds "5"]
[EventCountry "SWE"]
[EventCategory "14"]
[SourceTitle "CBM 161"]
[Source "ChessBase"]
[SourceDate "2014.07.16"]
[SourceVersion "1"]
[SourceVersionDate "2014.07.16"]
[SourceQuality "1"]

1. e4 e5 2. Nf3 Nc6 3. Bc4 Bc5 4. d3 Nf6 5. Nbd2 (5. c3 {or}) (5. O-O {is more
popular.}) 5... O-O 6. c3 d6 (6... d5 {is also possible} 7. exd5 Nxd5 8. Ne4
Be7 9. O-O Nb6 10. Bb3 Bg4 11. Ng3 Qd7 12. h3 Be6 13. Bxe6 (13. Re1 {is a
better try, but} Rad8 14. Nxe5 Nxe5 15. Rxe5 Qxd3 16. Qxd3 Rxd3 17. Re1 Nc8 $1
$11 {, defending both e7 and a7 after a possible ...Bxb3/ axb3.}) 13... Qxe6
14. Re1 Rad8 15. Qe2 Rfe8 $13 {Fressinet-Hammer, Yerevan 2014}) (6... a6 7. Bb3
Ba7 {is another plan.}) 7. b4 (7. O-O {is more popular. Here is a good example:
} a6 8. Bb3 Be6 9. Re1 Re8 10. Nf1 d5 $1 {The typical strategy: After ...Re8
and ...Be6 Black breaks in the centre with ...d5.} 11. exd5 Bxd5 $1 (11... Nxd5
12. Ng5 (12. Nxe5 $6 Bxf2+ $1 (12... Nxe5 13. d4 $1 Bxd4 14. Qxd4 Ng6 {is also
equal, but if your opponent has the bishop pair there is always some risk}) 13.
Kxf2 Nxe5 $132) 12... Qd7 13. Nxe6 (13. Qf3 Rad8) 13... Rxe6 $13) 12. Bg5 $1
Qd6 $1 13. Bc2 (13. Bxf6 Bxb3 14. Qxb3 Qxf6 $13) 13... h6 14. Bh4 Nh5 15. Ne3
Bxe3 16. Rxe3 (16. fxe3 e4 $1) 16... Nf4 $13 {Degraeve-Tkachiev, Aix-les-Bains
2007}) 7... Bb6 8. Bb3 (8. a4 {is also typical, but it can't harm Black,} a5 9.
b5 Ne7 $13) 8... Ne7 $1 {This is the typical regrouping. If ...Nc6-e7-g6, ...
c6, ...Bc7 and ...d5 can be carried out, Black grabs the initiative.} 9. a4 (9.
Nc4 {intends to take the bishop and avoids ...d5 by attacking the e5-pawn, but
this isn't dangerous for Black:} Ng6 10. O-O Be6 11. Re1 h6 12. Nxb6 Bxb3 13.
Qxb3 axb6 14. b5 Re8 15. Bd2 Qd7 $132 {Nunn-Azmaiparashvili, Amsterdam 1990})
9... c6 $1 {Of course!} 10. Nc4 Bc7 11. Bg5 (11. O-O Ng6 12. Re1 Re8 13. Qc2 d5
14. Ncd2 Nf4 $13 {Goetz-Neunhoeffer, Germany 1995} (14... h6 $5 {/\ ...Be6, ...
Qd7})) 11... Ng6 $1 {Simply improving the knight and preparing for the central
breakthrough.} (11... d5 $5) 12. Nh4 (12. O-O h6 13. Be3 d5 $13 {with a good
position} (13... Be6 $13 {is also good.})) 12... Kh8 (12... d5 $1 {is even
better.} 13. exd5 cxd5 14. Ne3 Nf4 $15) 13. Nxg6+ fxg6 14. Ne3 h6 15. Bh4 (15.
Bxf6 Qxf6 $132) 15... Bb6 $1 {Activating the bishop.} (15... a5 $5 {or}) (15...
g5 $5 {is also good.}) 16. Qe2 a5 $1 {Weakening the structure.} 17. b5 ({If} 
17. O-O g5 18. Bg3 axb4 19. cxb4 Bd4 20. Rab1 Qe8 $1 $15 {with the plan of ...
Nh5.}) 17... Qe8 $6 (17... cxb5 18. Bxf6) (17... g5 $1 18. Bg3 cxb5 19. axb5
Bd7 20. Ba4 Be6 $15 {White's structural weaknesses are very vulnerable after ..
.Rc8 and ...Qe8 followed by ...Nh5.}) 18. Nc4 (18. Bxf6 {This move was allowed
by 17...Qe8. It gives up the bishop pair, but at least now ...g5 won't force
the bishop to go to g3.} Rxf6 19. O-O $11) 18... Bc5 19. bxc6 bxc6 20. O-O g5 (
20... Nh5 $1 $36 {Black will play ...Nf4 in order to activate the bishop, the
knight and the rook. Such moves can't be bad!}) 21. Bg3 Nh5 22. d4 $5 {This
move leads to a draw.} (22. Rad1 Nf4 23. Bxf4 gxf4 24. Qf3 Qg6 25. h3 $1 $13 {
with double-edged play.}) 22... Nxg3 23. hxg3 exd4 24. cxd4 Bxd4 25. Rad1 c5
26. Nxd6 Qe7 (26... Ba6 $1 {was the only chance, when White has to find} 27.
Qxa6 $1 (27. Bc4 Qe5 $36) 27... Rxa6 28. Nxe8 Rxe8 29. Bc4 $11 {with equality.}
) 27. e5 Ba6 28. Bc4 (28. Qe4 $1 Bxf1 29. Rxf1 $44 {and the threat of Bc2 and
Nf7 secures White the draw.}) 28... Bxc4 (28... Bxe5 $1 29. Bxa6 Bxd6 30. Rd5
Qxe2 31. Bxe2 Be7 $15) 29. Qxc4 Rab8 30. Nb5 Qxe5 1/2-1/2